Bezpečnosť musí byť súčasťou podnikových systémov ochrana informačných aktív nie je len záležitosťou špecialistov
Problematika zabezpečenia IT systémov v podnikoch. Ochrana informačných aktív a implementačné projekty bezpečnostných pravidiel. Nástroje technických opatrení IT systémov. Analýza a odstránenie rizík.
Salvato in:
| Autore principale: | |
|---|---|
| Natura: | Capitolo di libro |
| Lingua: | slovacco |
| Soggetti: | |
| Tags: |
Nessun Tag, puoi essere il primo ad aggiungerne!!
|
MARC
| LEADER | 00000naa a2200000 4500 | ||
|---|---|---|---|
| 001 | 0127040 | ||
| 005 | 20220725111322.9 | ||
| 041 | 0 | |a slo | |
| 044 | |a SK | ||
| 245 | 1 | 0 | |a Bezpečnosť musí byť súčasťou podnikových systémov |b ochrana informačných aktív nie je len záležitosťou špecialistov |c Jan Vachuda |
| 520 | |a Problematika zabezpečenia IT systémov v podnikoch. Ochrana informačných aktív a implementačné projekty bezpečnostných pravidiel. Nástroje technických opatrení IT systémov. Analýza a odstránenie rizík. | ||
| 610 | 2 | 0 | |a technológie informačné |
| 610 | 2 | 0 | |a technológie komunikačné |
| 610 | 2 | 0 | |a systémy informačné podnikové |
| 610 | 2 | 0 | |a zdroje informačné elektronické |
| 610 | 2 | 0 | |a bezpečnosť informačná |
| 610 | 2 | 0 | |a ochrana dát |
| 610 | 2 | 0 | |a manažment informačný |
| 100 | 1 | |a Vachuda, Jan | |